000 00837nam a2200289 i 4500
001 768714001
003 CO-MdFUSB
005 20251017115149.0
007 ta
008 230329t2015 -us |||| |||| 00| 0 spa d
020 _a9781628263015
040 _aCO-MdFUSB
_bspa
_cCO-MdFUSB
_dCO-MdFUSBC
_erda
041 _aspa
082 _223
_a220.546
_bB582
110 _aLiga Bíblica Internacional,
245 1 3 _aLa Biblia :
_bla Palabra de Dios para todos
_c/ Liga Bíblica Internacional
264 1 _aCrete, Estados Unidos :
_bBible League International,
_c[2015]
264 4 _c©2015
300 _a1452 páginas
_c; 21 cm
336 _2rdacontent
_atexto
_btxt
337 _2rdamedia
_asin mediación
_bn
338 _2rdacarrier
_avolumen
_bnc
563 _aRústica
630 0 7 _aBiblia
_xCanon
942 _cBK
945 _aJTF-925
999 _c68656
_d68656